[Event "EU-ch Blitz"]
[Site "Katowice"]
[Date "2022.12.16"]
[Round "1"]
[White "Mosny, Kamil"]
[Black "Karolczuk, Iwo"]
[Result "1-0"]
[WhiteElo "1704"]
[BlackElo "2327"]
[PlyCount "133"]
[EventDate "2022.12.16"]
[EventType "swiss (blitz)"]
[EventRounds "22"]
[EventCountry "POL"]
[SourceTitle "CBM 211 Extra"]
[Source "ChessBase"]
[SourceDate "2023.01.31"]
[SourceVersion "1"]
[SourceVersionDate "2023.01.31"]
[SourceQuality "1"]

1. d4 Nf6 2. c4 e6 3. Nf3 b6 4. a3 Bb7 5. Nc3 d5 6. Qc2 Be7 7. Bg5 0-0 8. e3 c5 9. cxd5 cxd4 10. Nxd4 Nxd5 11. Bxe7 Nxe7 12. Rd1 Qc8 13. Ndb5 Qc5 14. Nd6 Bc6 15. Nde4 Qe5 16. Bd3 f5 17. f4 Qa5 18. Ng5 Qc5 19. Qe2 Bd7 20. Bc4 Rf6 21. Rxd7 Nxd7 22. Nxe6 Qc8 23. Nc7+ Kh8 24. Nxa8 Qxa8 25. 0-0 Nc5 26. Rd1 h6 27. Nd5 Nxd5 28. Bxd5 Qe8 29. Bc4 Qe4 30. Rd4 Qe7 31. Bd3 Kh7 32. b4 Ne6 33. Rd5 g6 34. Qd2 Rf7 35. Bb5 Qf6 36. h3 Nc7 37. Re5 g5 38. Bd3 Qg6 39. Qc2 Kg7 40. Bxf5 Qd6 41. Bd3 gxf4 42. exf4 Rxf4 43. Qc3 Rf6 44. Re4 Nd5 45. Rg4+ Kf7 46. Qc4 Ke7 47. Re4+ Kf8 48. Rd4 Qg3 49. Qc8+ Kg7 50. Qd7+ Rf7 51. Qxd5 Qe1+ 52. Kh2 Qd2 53. Qe4 Qg5 54. Qg4 Re7 55. Qxg5+ hxg5 56. Bb5 Kf6 57. Rd7 Re5 58. Bc4 a5 59. Rf7+ Kg6 60. Rb7 axb4 61. Rxb6+ Kf5 62. axb4 g4 63. Bd3+ Kf4 64. Rf6+ Ke3 65. Bf5 Kf4 66. Bxg4+ Kg5 67. Rf5+ 1-0

[Event "Ustron op-C"]
[Site "Ustron"]
[Date "2021.08.14"]
[Round "2"]
[White "Bakalarz, Adrian"]
[Black "Mosny, Kamil"]
[Result "0-1"]
[WhiteElo "1543"]
[BlackElo "1329"]
[PlyCount "60"]
[EventDate "2021.08.13"]
[EventType "swiss"]
[EventRounds "9"]
[EventCountry "POL"]
[SourceTitle "EXT 2022"]
[Source "ChessBase"]
[SourceDate "2021.10.06"]
[SourceVersion "1"]
[SourceVersionDate "2021.10.06"]
[SourceQuality "1"]

1. e4 c5 2. d4 cxd4 3. c3 dxc3 4. Nxc3 d6 5. Bc4 e6 6. Nf3 Nc6 7. 0-0 Nf6 8. Qe2 a6 9. Rd1 Qc7 10. Bf4 Be7 11. Rac1 0-0 12. Bb3 Nh5 13. Be3 Qa5 14. Na4 Nf6 15. Nb6 Rb8 16. Nc4 Qh5 17. Nxd6 Bxd6 18. Rxd6 Nxe4 19. Rdd1 Nf6 20. Bf4 Ra8 21. Bd6 Re8 22. h3 e5 23. Rc5 Be6 24. Ba4 Bd7 25. Bxc6 Bxc6 26. Rxe5 Rxe5 27. Bxe5 Re8 28. Re1 Nd7 29. Qd1 Nxe5 30. Nxe5 Qxd1 0-1